<?xml version="1.0" encoding="UTF-8"?>
<collection xmlns="http://www.loc.gov/MARC21/slim">
 <record>
  <leader>00825nam a2200157 a 4500</leader>
  <controlfield tag="001">1/37923</controlfield>
  <controlfield tag="008">090713s1999    gr            00010 gre d</controlfield>
  <datafield tag="035" ind1=" " ind2=" ">
   <subfield code="l">40539</subfield>
  </datafield>
  <datafield tag="040" ind1=" " ind2=" ">
   <subfield code="a">GR-PeUP</subfield>
  </datafield>
  <datafield tag="082" ind1="0" ind2="0">
   <subfield code="a">320.920 949 5 ΙΔΡ</subfield>
  </datafield>
  <datafield tag="110" ind1="2" ind2=" ">
   <subfield code="a">Ίδρυμα &quot;Κωνσταντίνος Γ. Καραμανλής&quot;.</subfield>
  </datafield>
  <datafield tag="245" ind1="1" ind2="0">
   <subfield code="a">Κωνσταντίνος Καραμανλής ένα έτος από τον θάνατό του =</subfield>
   <subfield code="b">Konstantinos Karamanlis une annee apres sa mort /</subfield>
   <subfield code="c">Ίδρυμα &quot;Κωνσταντίνος Γ. Καραμανλής&quot;.</subfield>
  </datafield>
  <datafield tag="260" ind1="0" ind2=" ">
   <subfield code="a">Αθήνα :</subfield>
   <subfield code="b">Μέγαρο Μουσικής Αθηνών,</subfield>
   <subfield code="c">1999.</subfield>
  </datafield>
  <datafield tag="300" ind1=" " ind2=" ">
   <subfield code="a">61 σ. ;</subfield>
   <subfield code="c">23 εκ.</subfield>
  </datafield>
  <datafield tag="600" ind1="1" ind2="4">
   <subfield code="a">Καραμανλής Κωνσταντίνος,</subfield>
   <subfield code="d">1907-1998.</subfield>
  </datafield>
  <datafield tag="852" ind1=" " ind2=" ">
   <subfield code="a">INST</subfield>
   <subfield code="b">UNIPILB</subfield>
   <subfield code="c">MAIN</subfield>
   <subfield code="e">20090713</subfield>
   <subfield code="h">320.920 949 5 ΙΔΡ</subfield>
   <subfield code="p">00158753</subfield>
   <subfield code="q">00158753</subfield>
   <subfield code="t">LOAN</subfield>
   <subfield code="y">0</subfield>
   <subfield code="4">1</subfield>
  </datafield>
 </record>
</collection>
